000
00318nam a2200121 a 4500
005
20140513081058.0
008
080110s19uu xx 00 eng d
050
_a
VCD
_b
Fly648 1982
245
_a
The Flying House 9.
260
_b
CBN Asia,
_c
1982.
_a
Philippines :
440
_a
Children's bible stories
999
_c
116621
_d
116621